000 00817nam a2200217Ia 4500
001 11283
003 GE_BSU
008 181216s||||||||xx |||||||||||||| ||und||
040 _cGE_BSU
080 _a631.4(479.223)
100 _aთავართქილაძე ანზორ
245 _aაჭარის ასსრ. ძირითადი ნიადაგები
245 _cრედ: გ. ტალახაძე
260 _aბათუმი.
260 _bსაბჭოთა აჭარა.
260 _c1983
300 _a111გვ. 23სმ.
300 _eრეზიუმე რუსულ და ინგლისურ ენებზე გვ.109-111
653 _aაჭარის ასსრ. ძირითადი ნიადაგები
942 _cBK
999 _c44485
_d44485